| 000 | 00754cjm a22002893a 4500 | ||
|---|---|---|---|
| 001 | 13409297 | ||
| 005 | 20180214085457.0 | ||
| 007 | sd fsngnnmmned | ||
| 008 | 031119s2002 tnuppn d eng | ||
| 010 | _a 2003605950 | ||
| 024 | 1 | _a601212939401 | |
| 028 | 0 | 2 |
_aG2 6012 1 29394 0 1 _bVineyard Music |
| 028 | 0 | 2 |
_aVMD9394 _bVineyard Music |
| 035 | _a(DLC) 2003605950 | ||
| 035 | _a(DLC)13409297 | ||
| 040 |
_aDLC _cDLC |
||
| 041 | _aeng | ||
| 080 | _a32 MYR | ||
| 082 | _232 MYR | ||
| 100 | _a23 | ||
| 101 | _aPOL | ||
| 245 | 0 | 0 |
_a1000 generations _cM-g. |
| 511 | 0 | _aM-g. | |
| 906 |
_a7 _bcbc _corignew _d3 _encip _f20 _gy-soundrec |
||
| 942 |
_2ddc _cBK |
||
| 999 |
_c42534 _d42534 |
||